États des États-Unis en une minute - Statistiques

Statistiques générales
  • Ce quiz a été pris 27 858 fois
  • Le résultat moyen est 18 sur 50
Réponses sur la Carte
Les réponses sont colorées sur une échelle allant du rouge au vert en fonction du pourcentage des utilisateurs qui les ont devinées à leur premier essai. Vous pouvez retrouver ces pourcentages ci-dessous.
 
Statistiques - réponses
État % Correct
Californie
85%
Texas
81%
Floride
75%
Alaska
67%
Washington
67%
New York
62%
Nevada
53%
Hawaï
50%
Arizona
49%
Oregon
49%
Alabama
48%
Utah
47%
Idaho
46%
Ohio
45%
Colorado
43%
Dakota du Nord
43%
Maine
42%
Dakota du Sud
41%
Arkansas
40%
Iowa
40%
Montana
40%
Kansas
38%
Louisiane
38%
Caroline du Nord
36%
Illinois
35%
Michigan
35%
Caroline du Sud
34%
Nouveau-Mexique
34%
Géorgie
33%
Mississippi
33%
Wyoming
30%
New Jersey
29%
Vermont
28%
Nebraska
27%
Virginie
26%
Missouri
25%
Indiana
24%
Minnesota
24%
Wisconsin
23%
Delaware
20%
Oklahoma
20%
Kentucky
19%
Tennessee
19%
Connecticut
17%
Massachusetts
16%
New Hampshire
16%
Maryland
15%
Pennsylvanie 
14%
Rhode Island
14%
Virginie-Occidentale
8%
Aucun quiz correspondant
Distribution des résultats
% des personnes avec chaque résultat
Percentile par nombre de réponses
Votre historique - résultats
Vous n’avez pas pris ce quiz